Démarche qualité et évaluation en langues.

Guardat en:
Dades bibliogràfiques
Autor principal: Riba, Patrick (auteur)
Altres autors: Mègre, Bruno (auteur)
Format: Llibre
Publicat: Paris, France: Hachette Français Langue Etrangère, 2014.
Col·lecció:Collection F
Matèries:
Etiquetes: Afegir etiqueta
Sense etiquetes, Sigues el primer a etiquetar aquest registre!

MARC

LEADER 00000nam a22000007a 4500
003 CL-VaPUC
005 20231108101757.0
008 231019t2014 ||||| |||| 00| 0 eng d
999 |c 442141  |d 442139 
020 |a 978-2-01-401602-4 
040 |c Pontificia Universidad Católica de Valparaíso 
082 0 4 |2 22  |a 407.1 RIB 2014 
100 1 |a Riba, Patrick  |e auteur  |9 885231 
245 1 0 |a Démarche qualité et évaluation en langues. 
260 |a Paris, France:  |b Hachette Français Langue Etrangère,  |c 2014. 
300 |a 238 páginas. 
490 0 |a Collection F 
500 |a c.1 Donación profesora Gilda Tassara, Memo Edu 23/08/2023 
583 |c 20231019  |k Catalogador Asistente 
650 1 |a Lenguaje y lenguas  |x Estudio y enseñanza  |z Francia  |9 885478 
650 1 |a Lengua e idiomas  |x Exámenes, preguntas, etc.  |9 885479 
650 1 |a Lenguas modernas  |x Didáctica  |x Evaluación  |9 885480 
700 |a Mègre, Bruno  |e auteur  |9 885232 
942 |2 ddc  |c BK 
952 |0 0  |1 0  |2 ddc  |4 0  |6 407_100000000000000_RIB_2014  |7 0  |8 A  |9 592039  |a BIBEDU  |b BIBEDU  |c GEN  |d 2023-10-19  |e Donación  |i 5659096  |o 407.1 RIB 2014  |p 5659096  |r 2023-10-19  |t 1  |w 2023-10-19  |y BK  |k EDU